Μοντέλα ισορροπίας για τις συναλλαγματικές ισοτιμίες : μεταπτυχιακή διατριβή

Το κύριο μέρος της διπλωματικής ήταν η επέκταση ενός υπάρχοντος μοντέλου της ισορροπίας συναλλαγματικής ισοτιμίας. Έχοντας ως βάση τα μοντέλα ισορροπίας συναλλαγματικής ισοτιμίας μιας περιόδου και δύο περιόδων, έγινε επιτυχής προσπάθεια επέκτασης σε παραπάνω χρονικές περιόδους. Αρχικά δημιουργήσαμε...

Πλήρης περιγραφή

Αποθηκεύτηκε σε:
Λεπτομέρειες βιβλιογραφικής εγγραφής
Κύριος συγγραφέας: Τριανταφύλλου, Ιωάννης
Συγγραφή απο Οργανισμό/Αρχή: Πανεπιστήμιο Αιγαίου. Σχολή Θετικών Επιστημών. Τμήμα Στατιστικής και Αναλογιστικών-Χρηματοοικονομικών Μαθηματικών
Μορφή: Thesis Βιβλίο
Γλώσσα:Greek
Δημοσίευση: Καρλόβασι, Σάμος : Πανεπιστήμιο Αιγαίου, Τμήμα Στατιστικής, Αναλογιστικών και Χρηματοοικονομικών Μαθηματικών, 2005.
Θέματα:
Διαθέσιμο Online:http://hdl.handle.net/11610/15506
Ετικέτες: Προσθήκη ετικέτας
Δεν υπάρχουν, Καταχωρήστε ετικέτα πρώτοι!

MARC

LEADER 00000cam a2200000 i 4500
001 1/87264
008 051012s2005 gr | ||| |||| ||gre||
035 |l 10080773 
040 |a GR-MyUA  |b gre  |e AACR2 
041 0 |a gre 
082 0 |a 332.45  |2 (22) 
100 1 |a Τριανταφύλλου, Ιωάννης. 
245 1 0 |a Μοντέλα ισορροπίας για τις συναλλαγματικές ισοτιμίες :   |b μεταπτυχιακή διατριβή /   |c Ιωάννης Τριανταφύλλου ; επιβλέπων καθηγητής, Αθανάσιος Γιαννακόπουλος.  
260 |a Καρλόβασι, Σάμος :   |b Πανεπιστήμιο Αιγαίου, Τμήμα Στατιστικής, Αναλογιστικών και Χρηματοοικονομικών Μαθηματικών,   |c 2005.  
300 |a 72 σ. :   |b διαγρ. ;   |c 30 εκ.  
500 |a Δεν διατίθεται σε ηλεκτρονική μορφή.  
502 |a Διατριβή (μεταπτυχιακή) – Πανεπιστήμιο Αιγαίου, Σάμος, 2005.  
504 |a Βιβλιογραφία: σ. 72.  
520 8 |a Το κύριο μέρος της διπλωματικής ήταν η επέκταση ενός υπάρχοντος μοντέλου της ισορροπίας συναλλαγματικής ισοτιμίας. Έχοντας ως βάση τα μοντέλα ισορροπίας συναλλαγματικής ισοτιμίας μιας περιόδου και δύο περιόδων, έγινε επιτυχής προσπάθεια επέκτασης σε παραπάνω χρονικές περιόδους. Αρχικά δημιουργήσαμε και αποδείξαμε το μοντέλο τριών περιόδων, έπειτα το μοντέλο τεσσάρων περιόδων και τέλος το μοντέλο για n περιόδους. Στο υπόλοιπο μέρος της διπλωματικής αναφέρθηκαν γενικές έννοιες από τις θεωρίες που ισχύουν για το συνάλλαγμα σήμερα. Έγινε νύξη για την αγορά συναλλάγματος και αργότερα αναφέραμε τον καθορισμό των τιμών συναλλάγματος, την τρέχουσα και προθεσμιακή αγορά συναλλάγματος, τον καθορισμό της τιμής ενός ξένου νομίσματος στην προθεσμιακή αγορά συναλλάγματος (arbitrage, μέθοδος swap, δίπλευρες τιμές), τις σταθερές και κυμαινόμενες συναλλαγματικές ισοτιμίες, το ισοζύγιο πληρωμών και την ποσότητα χρήματος, το θεώρημα ισοδυναμίας των επιτοκίων, το θεώρημα της ισοδυναμίας αγοραστικής δύναμης, το διεθνές αποτέλεσμα του Fisher, την θεωρία της αμερόληπτης προθεσμιακής ισοτιμίας, την μονεταριστική προσέγγιση στην αγορά συναλλάγματος και τέλος το αποτέλεσμα των Balassa - Samuelson.  
610 2 0 |a University of the Aegean  |x Dissertations. 
650 0 0 |a Foreign exchange rates. 
650 0 0 |a Dissertations, Academic  |z Greece. 
700 0 |a Γιαννακόπουλος, Αθανάσιος,  |e dgs 
710 2 |a Πανεπιστήμιο Αιγαίου.   |b Σχολή Θετικών Επιστημών.   |b Τμήμα Στατιστικής και Αναλογιστικών-Χρηματοοικονομικών Μαθηματικών. 
852 |a INST  |b SAMOS  |c DIATR  |e 20051012  |h 332.45 ΤΡΙ  |p 005300024839  |q 005300024839  |t MTXE  |y 23 
852 |a INST  |b SAMOS  |c DIATR  |e 20051012  |h 332.45 ΤΡΙ  |p 005300024840  |q 005300024840  |t MTXE  |y 23 
856 |u http://hdl.handle.net/11610/15506 
901 |a BIBL3-2005-3 
909 |a Σ  |b 114808 
909 |a Σ  |b 114809 
924 |a ΤΡΙΑΝΤΑΦΥΛΛΟΥ  |b ΙΩΑΝΝΗΣ  |y Σάμος  |z 2005-10 
970 |a ΚΟΣΙΕΡΗΣ  |b ΧΡΗΣΤΟΣ  |z 2005/10/12